LEADER 01099nam a2200253 i 4500 001 000000221145 003 CaOOAMICUS 005 20050511000000.0 008 050511s1980 it u000 u ita u 013 $a200042 040 $aSeMil$bita 245 10$aLetteratura e cultura dell'età presente /$cdi Vanna Stacchini Gazzola e Romano Luperini. 260 $aRoma ; Bari :$bLaterza,$c1980. 300 $a203 p. ;$c23 cm. 490 0 $aLIL : Letteratura italiana Laterza ;$v66 500 $aContiene : Bibliografia. 650 4$aLetteratura italiana - Sec. 20.$0(OLS)http://semarc/subject/1259 650 4$aItalia - Vita artistica e culturale - Sec. 20.$0(OLS)http://semarc/subject/40652 830 0$aLIL : Letteratura italiana Laterza ;$v66.$0(OLS)http://semarc/title/407841 850 $aSeMil 852 $aSeMil$W1$xVenegono$y1$m1B V 64$j171496$B171496$CSeMilBibl$Z2$F181883 $81 961 $aOmaggio: Poma mons. Gianfranco 996 $6245$aLetteratura e cultura dell'età presente$9(OLS)http://semarc/title/317037 996 $6260$aRoma ; Bari :$bLaterza$9(OLS)http://semarc/publisher/30305 LEADER 01062nam a2200241 i 4500 001 000000192011 003 CaOOAMICUS 005 20100906000000.0 008 100906s1985 it u000 u ita u 013 $a170584 040 $aSeMil$bita 100 1 $aGuerri, Giordano Bruno <1950->.$0(OLS)http://semarc/name/20301 245 10$aPovera santa Povero assassino :$bla vera storia di Maria Goretti /$cGiordano Bruno Guerri. 260 $aMilano :$bArnoldo Mondadori Editore,$c1985 (copyr. 1984) 300 $a207 p., [16] p. di tav. :$bill. ;$c23 cm. 490 0 $aLe scie 500 $aContiene : Bibliografia. 600 14$aGoretti, Maria .$0(OLS)http://semarc/subject/21231 830 3$aLe scie.$0(OLS)http://semarc/title/6825 850 $aSeMil 852 $aSeMil$W1$xVenegono$y1$m3H VI 171$j142587$B142587$CSeMilBibl$Z2$F154131 $81 996 $6245$aPovera santa Povero assassino :$bla vera storia di Maria Goretti$9(OLS)http://semarc/title/276610 996 $6260$aMilano :$bArnoldo Mondadori Editore$9(OLS)http://semarc/publisher/30056